00353nam a2200133Ia 4500008004100000082001500041100002300056245002500079260004700104365000600151530001200157630002500169730002500194100415s9999 xx 000 0 und d b22022a594 aMcclung, Robert M. aTreasures in the Sea aWASHINGTONc0bNATIONAL GEOGRAPHIC SOCIETY b0 bDonated aTreasures in the Sea aTreasures in the Sea